Loading...
| Beliefs | 14 | 16.43 | 1,400% | 329% | 357% |
| Current Events | 2 | 20.00 | 1,800% | 600% | 300% |
| Fine Arts - Auditory | 7 | 17.14 | 1,543% | 257% | 514% |
| Fine Arts - Other Arts | 1 | 0.00 | 0% | 0% | 0% |
| Fine Arts - Visual | 6 | 15.00 | 600% | 400% | 400% |
| Geography | 2 | 15.00 | 0% | 300% | 600% |
| History - American | 4 | 15.00 | 2,700% | 150% | 300% |
| History - European | 5 | 16.00 | 1,440% | 360% | 360% |
| History - World | 6 | 16.67 | 1,200% | 500% | 300% |
| Literature - American | 5 | 16.00 | 2,160% | 320% | 240% |
| Literature - British | 8 | 10.00 | 1,800% | 150% | 150% |
| Literature - European | 7 | 12.86 | 1,029% | 171% | 429% |
| Literature - World | 1 | 20.00 | 0% | 600% | 600% |
| Other Academic | 1 | 20.00 | 0% | 600% | 600% |
| Other Arts: Auditory | 4 | 17.50 | 2,700% | 450% | 150% |
| Other Arts: Visual | 3 | 23.33 | 2,400% | 333% | 533% |
| Other Science: Computer Science | 1 | 10.00 | 0% | 600% | 0% |
| Other Science: Earth Science | 2 | 15.00 | 1,800% | 300% | 300% |
| Other Science: Math | 2 | 10.00 | 0% | 200% | 300% |
| Philosophy | 6 | 20.00 | 2,667% | 267% | 400% |
| Science - Biology | 5 | 18.00 | 1,440% | 320% | 440% |
| Science - Chemistry | 4 | 17.50 | 1,800% | 300% | 450% |
| Science - Physics | 4 | 20.00 | 2,200% | 150% | 550% |
| Social Science | 8 | 18.75 | 1,550% | 450% | 375% |
| 11 | 19.09 | 1,782% | 509% | 236% |